You're Losing Me - Taylor Swift (All Lyrics) - Statistics

General Stats
  • This quiz has been taken 349 times
  • The average score is 363 of 396
Answer Stats
Lyrics % Correct
You
100%
you
100%
"You
100%
a
99%
A
99%
an
99%
and
99%
And
99%
Do
99%
"Do
99%
"I
99%
I
99%
(I
99%
me
99%
me)
99%
me"
99%
say,
99%
say
99%
(Say
99%
Who
99%
your
99%
don't
98%
don't"
98%
losin'
98%
the
98%
We
98%
we
98%
won't
98%
be
97%
can
97%
in
97%
it
97%
it?
97%
My
97%
my
97%
Stop,
97%
Stop
97%
(Stop)
97%
(Stop
97%
(Stop,
97%
stop),
97%
stop)
97%
to
97%
"To
97%
would
97%
you're
97%
(You're
97%
You're
97%
at
96%
can't
96%
know
96%
anymore
95%
for
95%
heart
95%
I'm
95%
this
95%
all
94%
'cause
93%
'Cause
93%
find
93%
her
93%
How
93%
it's
93%
love
93%
start
93%
understand,"
93%
were
93%
best
92%
could
92%
gave
92%
gone"
92%
gone
92%
people
92%
pleaser
92%
thing
92%
wouldn't
92%
babe,
91%
got
91%
ignore
91%
long
91%
marry
91%
of
91%
only
91%
pulse
91%
sad
91%
something,
91%
something"
91%
something)
91%
was
91%
army,
90%
party
90%
song
90%
too
90%
as
89%
either
89%
Fighting
89%
is
89%
now,
89%
Now,
89%
pathological
89%
see
89%
that
89%
'Til
89%
time,
89%
time
89%
wanted
89%
back
88%
empathy
87%
endless
87%
far
87%
if
87%
just
87%
keep
87%
nothing"
87%
nothing)
87%
soldier
87%
did
86%
Every
86%
life?
86%
believe,
85%
bravest
85%
loved
85%
sit
85%
tell
85%
tried
85%
what
85%
wonder
85%
dark
84%
light
84%
me's,
84%
out
84%
someone
84%
thought
84%
bring
83%
come
83%
even
83%
everything
83%
fear
83%
from
83%
frontlines,
83%
or
83%
they
83%
until
83%
Always
82%
choosin'
82%
dyin'?
82%
risk
82%
throw
82%
ashes
81%
cure
81%
have
81%
"Lose
81%
room?
81%
with
81%
built
80%
but
80%
unless
80%
bleed
79%
phoenix
79%
Remember
79%
sick
79%
thinkin'
79%
tired
79%
lookin'
78%
risin'
78%
eyes
77%
getting
77%
final
76%
blow
75%
through
75%
admit
74%
down
74%
Mendin'
74%
might
74%
"Choose
73%
air
72%
face
72%
fadin',
72%
gashes
70%
gray,
70%
hallway
70%
mornin',
70%
such
70%
imposition
68%
pain
68%
runnin'
68%
quick
67%
storms
67%
dealt
66%
indecision
66%
bit
64%
nails
64%
thick
63%
glared
61%
sent
60%
signals
60%
loss
58%
No matching quizzes found
Score Distribution
Percent of People with Each Score
Percentile by Number Answered
Your Score History
You have not taken this quiz